000 00507nam a2200193Ia 4500
003 GCL
008 140319s9999 xx 000 0 eng d
040 _aGCL /
_cGCL
082 0 4 _a333.7
_bG G
100 1 _aGAU LHIER, MICHEL J.
245 1 0 _aGENE TRANSFERS AND ENVIRONMENT /
_cGAU LHIER, MICHEL J.
260 _a[S.N] :
_bSPRINGER - VERLAG ،
_c1992
300 _a205 PP
650 0 4 _aENVIRONMENT
650 0 4 _aECOLOGY
650 0 4 _aPOPULATION
650 0 4 _aGENETIC TRANSTORMATION
942 _2ddc
_cBK
999 _c16819
_d16819